L'organisation d'un service de transfusion sanguine principes directeurs

Đã lưu trong:
书目详细资料
主要作者: OMS
格式: 图书
语言:Undetermined
出版: Genève OMS 1995
主题:
标签: 添加标签
没有标签, 成为第一个标记此记录!
Thư viện lưu trữ: Trung tâm Học liệu Trường Đại học Cần Thơ
LEADER 00537nam a2200181Ia 4500
001 CTU_6415
008 210402s9999 xx 000 0 und d
082 |a 362.17 
082 |b O.68o 
100 |a OMS 
245 0 |a L'organisation d'un service de transfusion sanguine principes directeurs 
245 0 |c OMS 
260 |a Genève 
260 |b OMS 
260 |c 1995 
650 |a national health programmes,primary health care 
904 |i Nguyễn Quang Điền, 960820 
980 |a Trung tâm Học liệu Trường Đại học Cần Thơ